Zwycięzcy w sezonie 2017/2018 skoki narciarskie - Statystyki

Ogólne statystyki
  • Ten quiz został rozwiązany 459 razy
  • Średni wynik to 6 z 7
Statystyki odpowiedzi
Zawodnik / Reprezentacja % Poprawnych
Kryształowa Kula Kamil Stoch
98%
66 Turniej Czterech Skoczni Kamil Stoch
98%
Raw Air Kamil Stoch
96%
Planica 7 Kamil Stoch
96%
Willingen Five Kamil Stoch
95%
Puchar Narodów Reprezentacja Norwegii | Norwegia
89%
Puchar Świata w Lotach Narciarskich Andreas Stjernen
51%
Nie znaleziono quizów pasujących do podanych kryteriów
Rozkład punktacji
Procent ludzi z każdym wynikiem
Percentyl według liczby udzielonych odpowiedzi
Twoja historia wyników
Nie rozwiązałeś tego quizu